| 000 | 00663nam a22001937a 4500 | ||
|---|---|---|---|
| 003 | BUBTL | ||
| 008 | 190506b xxu||||| |||| 00| 0 eng d | ||
| 020 | _a984-18-0143-4 | ||
| 082 | _a891.443 / GOS | ||
| 100 |
_92323 _aগোগোল, নিকোলাই |
||
| 245 |
_aশ্রেষ্ঠ গল্প / _cনিকোলাই গোগোল |
||
| 250 | _a4th ed. | ||
| 260 |
_aঢাকা : _bবিশ্বসাহিত্য কেন্দ্র, _cc2012. |
||
| 300 |
_a104 p. : _c22 cm. |
||
| 650 | 0 |
_91691 _aবাংলা সাহিত্য |
|
| 856 |
_k0 _l0 _yDownload |
||
| 942 |
_2ddc _cBK |
||
| 999 |
_c6038 _d6038 |
||